| 000 | 00610nam a22001817a 4500 | ||
|---|---|---|---|
| 999 |
_c187218 _d187218 |
||
| 005 | 20220406133400.0 | ||
| 010 | _aENG-132239 | ||
| 020 |
_a978938723492 _c695.00 |
||
| 035 | _aEN-115771 | ||
| 037 | _bDBAD/PUB | ||
| 082 | _a294.555092 | ||
| 100 | _aSEN, SANKAR | ||
| 245 |
_aSwami VIvekananda; _bA Modern Saint and Prophet _cSankar Sen |
||
| 260 |
_a Delhi _bLG PUBLISHERS DISTRIBUTORS _c2019 |
||
| 270 |
_a49, street no.14, pratap nagar mayur vihar phase I, Delhi _bDelhi _e110091 _mlgpdist@gmail.com |
||
| 300 |
_a221p. _bIndex, Appendix _c23cm(hbk) |
||
| 942 |
_2ddc _cEN _mSEN _h294.555092 |
||